01395nam a2200337Ia 4500001001200000003000800012006001900020007001500039008004100054010001700095020001800112020003900130040002100169035002100190050002800211082001900239100002700258245016700285260005500452300002600507504005100533533015200584650004400736650003000780655002900810700002100839710001700860710003700877856012600914999001701040ebr10644653CaPaEBRm u cr cn|||||||||120507s2013 caua sb 001 0 eng d z 2012018390 z9780520954502 z9780520274884 (cloth : alk. paper) aCaPaEBRcCaPaEBR a(OCoLC)83537073814aQL458.41.A1bB73 2013eb04a595.4/80972231 aBradley, Richard Alan.10aCommon spiders of North Americah[electronic resource] /cRichard A. Bradley ; illustrations by Steve Buchanon ; sponsored by the American Arachnological Society. aBerkeley :bUniversity of California Press,c2013. a271, [170] p. :bill. aIncludes bibliographical references and index. aElectronic reproduction.bPalo Alto, Calif. :cebrary,d2013.nAvailable via World Wide Web.nAccess may be limited to ebrary affiliated libraries. 0aSpiderszNorth AmericavIdentification. 0aArachnidazNorth America. 7aElectronic books.2local1 aBuchanan, Steve.2 aebrary, Inc.2 aAmerican Arachnological Society.40uhttp://site.ebrary.com/lib/rucke/Doc?id=10644653zAn electronic book accessible through the World Wide Web; click to view c29933d29933